| 000 | 01095nam a22003497a 4500 | ||
|---|---|---|---|
| 001 | 723 | ||
| 005 | 20230718160404.0 | ||
| 008 | 230703b cb ||||| |||| 00| 0 eng d | ||
| 020 | _a0590446843 | ||
| 040 |
_aDLC _cDLC _dDLC _beng |
||
| 050 | 0 | 0 |
_aQL568.A6 _bC565 1996 |
| 082 | 0 | 0 |
_a595.79/9 _220 |
| 100 | 1 | _aCole, Joanna. | |
| 245 | 1 | 4 |
_aThe magic school bus. _pInside a beehive / _cby Joanna Cole ; illustrated by Bruce Degen. |
| 246 | 3 | 0 | _aInside a beehive |
| 260 |
_aNew York : _bScholastic, _c1996. |
||
| 300 |
_a48 pages : _bcolor illustrations; _c22 x 26 cm. |
||
| 490 | _aThe magic school bus | ||
| 505 | _aP | ||
| 520 | _aMs. Frizzle takes her class on a fieldtrip to a beehive in her magic school bus. | ||
| 521 |
_a610
_bLexile |
||
| 521 |
_aP
_bRaz-Plus |
||
| 650 | 0 |
_aHoneybee _xJuvenile literature. |
|
| 650 | 0 |
_aBeehives _xJuvenile literature. |
|
| 650 | 1 | _aHoneybee. | |
| 650 | 1 | _aBees. | |
| 650 | 1 | _aBeehives. | |
| 650 | 1 | _aHoney. | |
| 700 | 1 |
_aDegen, Bruce, _eillustrator. |
|
| 906 |
_a7 _bcbc _corignew _d1 _eocip _f19 _gy-gencatlg |
||
| 942 |
_2ddc _cBK _n0 |
||
| 999 |
_c723 _d723 |
||